00327nam a2200109Ia 45000010005000000080041000050200022000460820024000681000036000922450065001282600024001933487241024s9999 xx 000 0 und d a978-9945-488-11-1 aRD/320.97293/SO718j aJosé Antonio Soto Rodríguez 0aJuan Bosch: su pensamiento humanista, caribeño y universal bSanto Domingoc2013